1967 steam charts (Record no. 20544)

000 -LEADER
fixed length control field 00500nam a22001931 4500
001 - CONTROL NUMBER
control field 20544
003 - CONTROL NUMBER IDENTIFIER
control field BD-DhUET
008 - FIXED-LENGTH DATA ELEMENTS--GENERAL INFORMATION
fixed length control field 700914s1968 nyua 000 0 eng
020 ## - INTERNATIONAL STANDARD BOOK NUMBER
International Standard Book Number 0713130458
040 ## - CATALOGING SOURCE
Original cataloging agency DLC
Transcribing agency DLC
Modifying agency BD-DhUET
082 ## - DEWEY DECIMAL CLASSIFICATION NUMBER
Classification number 621.101084
Item number ELE/1967
110 ## - MAIN ENTRY--CORPORATE NAME
Corporate name or jurisdiction name as entry element Electrical Research Association
245 10 - TITLE STATEMENT
Title 1967 steam charts
250 ## - EDITION STATEMENT
Edition statement 1st ed.
260 ## - PUBLICATION, DISTRIBUTION, ETC. (IMPRINT)
Place of publication, distribution, etc. London
Name of publisher, distributor, etc. Edward Arnold
Date of publication, distribution, etc. 1967
300 ## - PHYSICAL DESCRIPTION
Extent vii, 64 p. (chiefly illus., part col.)
Dimensions 31 cm.
650 #0 - SUBJECT ADDED ENTRY--TOPICAL TERM
Topical term or geographic name as entry element Steam
942 ## - ADDED ENTRY ELEMENTS (KOHA)
Koha item type Corporate Publication
Holdings
Source of classification or shelving scheme Sublocation or collection (holding branch) Koha full call number Lost status Location (home branch) Withdrawn status Copy number Not for loan Koha item type Price effective from Shelving location Koha date last seen Piece designation (barcode) Damaged status Date acquired Koha normalized classification for sorting
 Central Library, BUET621.101084/ELE/1967 Central Library, BUET 1 Corporate Publication2015-04-12Circulation section2015-04-1218295 2015-04-12621_101084000000000_ELE_1967
 Central Library, BUET621.101084/ELE/1967 Central Library, BUET 2 Corporate Publication2015-04-12Circulation section2015-04-1218293 2015-04-12621_101084000000000_ELE_1967
 Central Library, BUET621.101084/ELE/1967 Central Library, BUET 3 Corporate Publication2015-04-12Circulation section2015-04-1213166 2015-04-12621_101084000000000_ELE_1967
 Central Library, BUET621.101084/ELE/1967 Central Library, BUET 4 Corporate Publication2015-04-12Circulation section2015-04-1213162 2015-04-12621_101084000000000_ELE_1967
 Central Library, BUET621.101084/ELE/1967 Central Library, BUET 5 Corporate Publication2015-04-12Circulation section2015-04-1218297 2015-04-12621_101084000000000_ELE_1967
 Central Library, BUET621.101084/ELE/1967 Central Library, BUET 6 Corporate Publication2015-04-12Circulation section2015-04-1218296 2015-04-12621_101084000000000_ELE_1967
 Central Library, BUET621.101084/ELE/1967 Central Library, BUET 7 Corporate Publication2015-04-12Circulation section2015-04-1218294 2015-04-12621_101084000000000_ELE_1967
 Central Library, BUET621.101084/ELE/1967 Central Library, BUET 8 Corporate Publication2015-04-12Circulation section2015-04-1218300 2015-04-12621_101084000000000_ELE_1967
 Central Library, BUET621.101084/ELE/1967 Central Library, BUET 9 Corporate Publication2015-04-12Circulation section2015-04-1213163 2015-04-12621_101084000000000_ELE_1967
 Central Library, BUET621.101084/ELE/1967 Central Library, BUET 10 Corporate Publication2015-04-12Circulation section2015-04-1218299 2015-04-12621_101084000000000_ELE_1967
 Central Library, BUET621.101084/ELE/1967 Central Library, BUET 11 Corporate Publication2015-04-12Circulation section2015-04-1213165 2015-04-12621_101084000000000_ELE_1967
 Central Library, BUET621.101084/ELE/1967 Central Library, BUET 12 Corporate Publication2015-04-12Circulation section2015-04-1218302 2015-04-12621_101084000000000_ELE_1967
 Central Library, BUET621.101084/ELE/1967 Central Library, BUET 13 Corporate Publication2015-04-12Circulation section2015-04-1218301 2015-04-12621_101084000000000_ELE_1967